000 00194 a2200097 4500
001 2076
100 _aDonashall, C
245 _aTool design
260 _a
_bMc Graw Hill
_c
090 _c1532
_d1532
942 _aNUST-CAE
_cM
_c5914
999 _c237149
_d237149